000 00877nam a22002657a 4500
003 CO-ViMGA
008 160901b xxu||||| |||| 00| 0 eng d
020 _a9789587752571
040 _aCO-ViMGA
_bspa
_cCO-ViMGA
041 _hSpa
082 0 4 _a595.796 F276h
100 1 _aFernández, Fernando
_94967
245 1 0 _aHormigas Cortadoras de Hojas de Colombia
_bAcromyrmex & Atta (Hymenopera: Formicidae)
250 _aPrimera
260 _aBogotá, D.C. Colombia
_bUniversidad Nacional de Colombia
_c2015
300 _a352 p
_b: il.; map
490 _aFauna de Colombia - Monografía No. 5
500 _aIncluye Índice
500 _aIncluye Referencia Bibliográficas
650 1 4 _aHormigas Cortadoras de Hojas
_94969
650 1 4 _aHormigas
_vClasificación
_zColombia
_94968
700 1 _aCastro, Valentina
_94970
700 1 _aSerna Francisco
_94971
942 _2ddc
_cBK
999 _c35873
_d35873